Viaje por los santuarios de la provincia de Castellón / (Record no. 139332)

MARC details
000 -LEADER
campo de control de longitud fija 00584nam a2200169 4500
001 - NÚMERO DE CONTROL
campo de control 139332
003 - IDENTIFICADOR DE NÚMERO DE CONTROL
campo de control ES-MaACL
005 - FECHA Y HORA DE LA ÚLTIMA TRANSACCIÓN
campo de control 20230906195753.0
007 - CAMPO FIJO DE DESCRIPCIÓN FÍSICA--INFORMACIÓN GENERAL
campo de control de longitud fija t|
008 - DATOS DE LONGITUD FIJA--INFORMACIÓN GENERAL
campo de control de longitud fija 070214s1909 sp r ||||1| spa d
100 1# - ENTRADA PRINCIPAL--NOMBRE DE PERSONA
Nombre de persona Sarthou Carreres, Carlos.
9 (RLIN) 103879
245 10 - MENCIÓN DEL TÍTULO
Título Viaje por los santuarios de la provincia de Castellón /
Mención de responsabilidad, etc. Carlos Sarthou Carreres ; con fotografías del autor ; dibujos del pintor J. Castell.
260 ## - PUBLICACIÓN, DISTRIBUCIÓN, ETC.
Lugar de publicación, distribución, etc. Castellón de la Plana :
Nombre del editor, distribuidor, etc. J. Armengo é Hijos,
Fecha de publicación, distribución, etc. 1909.
300 ## - DESCRIPCIÓN FÍSICA
Extensión VII, 260 p. ;
Dimensiones 22 cm.
700 1# - ENTRADA AGREGADA--NOMBRE PERSONAL
Nombre de persona Castell, J.
9 (RLIN) 36485
852 ## - LOCALIZACIÓN
Ubicación ES-MaACL
Número de control de estantería G-3034
Holdings
Estatus retirado Estado de pérdida Estado de daño No para préstamo Biblioteca de origen Biblioteca actual Ubicación en estantería Fecha de adquisición Fuente de adquisición Total de préstamos Signatura topográfica completa Código de barras Visto por última vez Precio de reemplazo Tipo de ítem Koha
        Biblioteca del Ateneo de Madrid Biblioteca del Ateneo de Madrid Depósito 2 17/01/2008     G-3034 1144997 23/02/2023 23/02/2023 Libro impreso